La denomination des nombres par l'enfant
Uloženo v:
| Hlavní autor: | |
|---|---|
| Médium: | Kniha |
| Jazyk: | francouzština |
| Vydáno: |
Estrasburgo
IREM
1984
|
| Témata: | |
| Tagy: |
Přidat tag
Žádné tagy, Buďte první, kdo vytvoří štítek k tomuto záznamu!
|
MARC
| LEADER | 00000nam a2200000 a 4500 | ||
|---|---|---|---|
| 001 | UCW1375 | ||
| 003 | CL-VaPUC | ||
| 008 | 920513e19840000FR |||||||||||||||||fre|d | ||
| 082 | 0 | 4 | |a 510.7 |b FIS |2 21 |
| 100 | 0 | |a Fischer, Jean-Paul |e author |9 305300 | |
| 245 | 1 | 3 | |a La denomination des nombres par l'enfant |
| 300 | |a 155 p | ||
| 942 | |c BK | ||
| 945 | |d 19920513 00:00:00 | ||
| 260 | |a Estrasburgo |b IREM |c 1984 | ||
| 650 | 0 | |a Matemáticas |x Enseñanza |9 875527 | |
| 650 | 0 | |a Números |9 265328 | |
| 650 | 0 | |a Aprendizaje |9 254827 | |
| 650 | 0 | |a Aspectos fisiológicos |9 305299 | |
| 583 | |a last modification |c 20140821 04:24:30 |k Rodrigo Vera | ||
| 999 | |c 216271 |d 216269 | ||
| 952 | |0 0 |1 0 |4 0 |6 510_700000000000000_FIS_1984 |7 0 |8 A |9 201812 |a BIBMAT |b BIBMAT |d 2019-11-14 |i 2690632 |o 510.7 FIS 1984 |p 2690632 |r 2025-01-07 |w 2019-11-14 |y BK |k MAT | ||